00497nam a2200205Ia 4500008004000000020001800040041000800058082001900066100001500085245005500100260004200155300001500197650001100212650001200223650000700235650001200242650001100254650001800265650000800283210210b2011 xxu||||| |||| 00| 0 eng d a9781107659537 aeng a621.38041 HATT aHA (Tri T) aTheory and design of digital communication systems aNDbCambridge University Pressc2011 axxxiii,634 aTheory asystems aof adigital adesign acommunication aand